Elektrické stroje 1

Salvato in:
Dettagli Bibliografici
Autore principale: Gerát, Pavol (Autore)
Natura: Libro
Lingua:slovacco
Pubblicazione: Bratislava : Alfa, 1977
Edizione:1. vyd.
Tags: Aggiungi Tag
Nessun Tag, puoi essere il primo ad aggiungerne!!

MARC

LEADER 00000nam a22000003a 4500
001 stu26178
005 20150617225743.2
008 980624s1977------------------------slo-d
040 |a STU  |b slo 
041 0 |a slo 
100 1 |a Gerát, Pavol  |4 aut 
245 1 |a Elektrické stroje 1 
250 |a 1. vyd. 
260 |a Bratislava :  |b Alfa,  |c 1977 
300 |a 538 s 
996 |b 284ES14076  |c E*S-8904  |l EE01  |s A  |a 24  |w stu26178_0001